<?xml version="1.0" encoding="UTF-8"?><?xml-stylesheet type="text/xsl" href="static/style.xsl"?><OAI-PMH xmlns="http://www.openarchives.org/OAI/2.0/" xmlns:xsi="http://www.w3.org/2001/XMLSchema-instance" xsi:schemaLocation="http://www.openarchives.org/OAI/2.0/ http://www.openarchives.org/OAI/2.0/OAI-PMH.xsd"><responseDate>2026-06-07T07:49:29Z</responseDate><request verb="GetRecord" identifier="oai:riuma.uma.es:10630/37620" metadataPrefix="marc">https://riuma.uma.es/rest/oai/request</request><GetRecord><record><header><identifier>oai:riuma.uma.es:10630/37620</identifier><datestamp>2026-02-03T11:28:41Z</datestamp><setSpec>com_10630_2254</setSpec><setSpec>col_10630_37953</setSpec></header><metadata><record xmlns="http://www.loc.gov/MARC21/slim" xmlns:dcterms="http://purl.org/dc/terms/" xmlns:doc="http://www.lyncode.com/xoai" xmlns:xsi="http://www.w3.org/2001/XMLSchema-instance" xsi:schemaLocation="http://www.loc.gov/MARC21/slim http://www.loc.gov/standards/marcxml/schema/MARC21slim.xsd">
   <leader>00925njm 22002777a 4500</leader>
   <datafield ind2=" " ind1=" " tag="042">
      <subfield code="a">dc</subfield>
   </datafield>
   <datafield ind2=" " ind1=" " tag="720">
      <subfield code="a">Zornitta, Rafael L.</subfield>
      <subfield code="e">author</subfield>
   </datafield>
   <datafield ind2=" " ind1=" " tag="720">
      <subfield code="a">García-Mateos, Francisco José</subfield>
      <subfield code="e">author</subfield>
   </datafield>
   <datafield ind2=" " ind1=" " tag="720">
      <subfield code="a">Lado, Julio J.</subfield>
      <subfield code="e">author</subfield>
   </datafield>
   <datafield ind2=" " ind1=" " tag="720">
      <subfield code="a">Rodríguez-Mirasol, José</subfield>
      <subfield code="e">author</subfield>
   </datafield>
   <datafield ind2=" " ind1=" " tag="720">
      <subfield code="a">Cordero-Alcántara, Tomás</subfield>
      <subfield code="e">author</subfield>
   </datafield>
   <datafield ind2=" " ind1=" " tag="720">
      <subfield code="a">Hammer, Peter</subfield>
      <subfield code="e">author</subfield>
   </datafield>
   <datafield ind2=" " ind1=" " tag="720">
      <subfield code="a">Ruotolo, Luis A.M.</subfield>
      <subfield code="e">author</subfield>
   </datafield>
   <datafield ind2=" " ind1=" " tag="260">
      <subfield code="c">2017</subfield>
   </datafield>
   <datafield ind2=" " ind1=" " tag="520">
      <subfield code="a">Activated carbons prepared using polyaniline (PAni), a N-containing precursor, doped with different&#xd;
 anions were successfully employed in this work as electrode materials for capacitive deionization. The&#xd;
 aim of this research was to investigate the effect of chloride (Cl ), p-toluenesulfonate (PTS ),&#xd;
 dodecylbenze-sulfonate (DBS ) and polystirenesulfonate (PSS ) as PAni dopants on the textural and&#xd;
 electrochemical properties of PAni activate carbon (PAC) and evaluate their performance for desalination.&#xd;
 It was demonstrated that textural PAC properties such as microporosity could be properly tuned,&#xd;
 resulting in a suitable proportion of micro- and mesoporosity by using different doping anions.&#xd;
 Furthermore, it was observed that the higher the oxygen content the higher the electrode hidrophilicity&#xd;
 due to introduction of surface polar groups, as identified by XPS. These groups were found to be the most&#xd;
 important variable influencing on the PAC electrosorption capacity and energy efficiency. The highest&#xd;
 specific adsorption capacity (14.9 mg g 1), along with the lowest specific energy consumption, was&#xd;
 obtained using the PTS-doped PAC electrode. Considering its high capacity, low-cost and ease of syn&#xd;
thesis, PAC/PTS seems to be a promising electrode for CDI.</subfield>
   </datafield>
   <datafield ind1="8" ind2=" " tag="024">
      <subfield code="a">https://hdl.handle.net/10630/37620</subfield>
   </datafield>
   <datafield ind1="8" ind2=" " tag="024">
      <subfield code="a">10.1016/j.carbon.2017.07.071</subfield>
   </datafield>
   <datafield ind2="0" ind1="0" tag="245">
      <subfield code="a">High-performance activated carbon from polyaniline for capacitive deionization</subfield>
   </datafield>
</record>
</metadata></record></GetRecord></OAI-PMH>